| 000 | 00680nam a2200205 4500 | ||
|---|---|---|---|
| 001 | 117411 | ||
| 003 | ES-MaACL | ||
| 005 | 20230906190911.0 | ||
| 007 | t| | ||
| 008 | 070214s1965 sp r ||||1| spa d | ||
| 100 | 1 |
_aPeciña Espadas, José. _989852 |
|
| 245 | 1 | 0 |
_aRama eléctrica y electrónica _b: taller / _cJosé Peciña Espadas ; Antonio Rubio Moreno. |
| 260 |
_aMadrid : _b[s.n.], _c1965 ( _fImp. Samarán) |
||
| 300 |
_a2 v. : _bil ; _c26 cm. |
||
| 490 | 1 | _aFormación profesional industrial | |
| 700 | 1 |
_aRubio Moreno, Antonio. _9100434 |
|
| 830 | 0 |
_aFormación profesional industrial _9183866 |
|
| 852 |
_aES-MaACL _jC-28416-7 _bR.57785 |
||
| 999 |
_c117411 _d117411 |
||